[Event "Nordic Chess-ch U16 Girls"]
[Site "Koge"]
[Date "2019.04.26"]
[Round "1"]
[White "Gronn, Embla Eikeland"]
[Black "Jorgensen, Sigrid Erstad"]
[Result "1-0"]
[WhiteElo "1684"]
[BlackElo "1341"]
[PlyCount "83"]
[EventDate "2019.04.26"]
[EventType "swiss"]
[EventRounds "5"]
[EventCountry "DEN"]
[SourceTitle "EXT 2020"]
[Source "ChessBase"]
[SourceDate "2019.10.17"]
[SourceVersion "1"]
[SourceVersionDate "2019.10.17"]
[SourceQuality "1"]

1. d4 Nf6 2. Nc3 d5 3. Bg5 Nbd7 4. Qd3 h6 5. Bh4 e6 6. e4 dxe4 7. Nxe4 Be7 8. Nxf6+ Nxf6 9. Nf3 b6 10. Be2 Bb7 11. 0-0 Rc8 12. Ne5 0-0 13. Bf3 Bxf3 14. Qxf3 Qxd4 15. Nc6 Qd7 16. Rfd1 Qe8 17. Nxa7 Rd8 18. Nc6 Rxd1+ 19. Rxd1 Nd5 20. Nxe7+ Nxe7 21. Bg3 Qa8 22. Qxa8 Rxa8 23. a3 c6 24. Rd7 Nd5 25. c4 Nb4 26. Kf1 Na6 27. Rb7 b5 28. cxb5 cxb5 29. Rxb5 g5 30. Ra5 f6 31. Bd6 Kf7 32. b4 e5 33. b5 Ke6 34. Rxa6 Rd8 35. Bc7+ Kd7 36. Bxd8 Kxd8 37. b6 Kc8 38. Ra7 h5 39. a4 h4 40. a5 f5 41. a6 e4 42. Rh7 1-0